The North Saqqara archaeological site handbook for the environmental risk analysis

محفوظ في:

المؤلف الرئيسي: Fabrizio Ago

مؤلفون آخرون: Edda Bresciani

التنسيق: كتاب

اللغة: Undetermined

منشور في: Pisa Edizioni Plus - Università di Pisa 2003

الموضوعات:

الوسوم: إضافة وسم

لا توجد وسوم, كن أول من يضع وسما على هذه التسجيلة!

رقم الطلب: (L) DT74. S3 .P5

LEADER 01126nam a2200205Ia 4500
008 221124s9999||||xx |||||||||||||| ||und||
020 |a 888-492-293-3 
050 4 |a (L) DT74. S3 .P5 
100 1 |a Fabrizio Ago 
245 1 0 |a  The North Saqqara archaeological site  |b  handbook for the environmental risk analysis 
264 1 |a Pisa  |b Edizioni Plus - Università di Pisa  |c 2003 
300 |a 417.P  |b  en noir et en coul.  |c 30 x 31 cm. 
504 |a En tête de la page de titre : Ministry for Environmental Affairs, Egyptian Environmental Affairs Agency ; Italian Ministry of Foreign Affairs, General Directorate for Development Cooperation ; Ministry of Culture, Egyptian Supreme Council of Antiquities 
650 4 |a  Antiquités Saqqarah (Égypte ; site archéologique) 
650 4 |a  Antiquités Saqqarah (Égypte ; site archéologique) Fouilles archéologiques Égypte Saqqarah (Égypte ; site archéologique) 
650 4 |a Guides pratiques 
700 1 |a Edda Bresciani 
942 |2 lcc  |c BK 
952 |0 0  |1 0  |2 lcc  |4 0  |7 1  |9 44042  |a ARCE  |b ARCE  |d 2022-11-24  |l 0  |o (L) DT74. S3 .P5  |p 1020800  |r 2022-11-24 00:00:00  |w 2022-11-24  |y BK 
999 |c 50499  |d 50499